| 000 | 01038cam a2200265 a 4500 | ||
|---|---|---|---|
| 001 | 000001538 | ||
| 005 | 20200929145619.0 | ||
| 008 | 870925s1974 es b 001 0 spa c | ||
| 020 | _a8434407590 | ||
| 040 |
_aDO-SdBNP _bspa _cBNPHU |
||
| 041 | 1 | 7 |
_aspa _heng |
| 082 |
_a305.861 _bM251m |
||
| 100 | 1 |
_aMalinowski, Bronislaw, _d1884-1942. _95047 |
|
| 240 | 1 | 0 |
_aMagic, science and religion, and other essays. _lEspañol |
| 245 | 1 | 0 |
_aMagía, ciencia y religión / _cBronislaw Malinowski ; introducción de Robert Redfield ; traducción, Antonio Pérez Ramos. |
| 260 |
_aBarcelona : _bAriel, _c1974. |
||
| 300 |
_a335 p. ; _c19 cm. |
||
| 440 | 0 |
_aAriel quincenal ; _v101 _95048 |
|
| 534 |
_pTítulo origina: _tMagic, science and religion, and other essays |
||
| 504 | _aIncluye referencias bibligráficas y notas al pie de las páginas | ||
| 650 | 4 |
_aEtnología _zEspaña _vENSAYOS, CONFERENCIAS, ETC. _95049 |
|
| 650 | 4 |
_aReligión _zEspaña _95050 |
|
| 700 | 1 |
_aRedfield, Robert, _eint. _95051 |
|
| 700 | 1 |
_aPérez Ramos, Antonio, _etr. _95052 |
|
| 999 |
_c1441 _d1441 |
||